000 00345nam a2200133Ia 4500
008 151001s9999||||xx |||||||||||||| ||und||
100 _aसी गो प्रभू
245 _aआगऱ्याहून दख्खन
250 _a3
260 _bनिंबकर आणि मं
260 _c1971
300 _a93
365 _b18
999 _c960198
_d960195